000
00224nam a2200097Ia 4500
008
170619s9999 xx 000 0 und d
100
_a
N I I T
245
0
_a
Basics of electronic devices
260
_b
New Delhi: PHI
260
_c
2004
546
_a
ENGLISH
999
_c
17812
_d
17812